แสดงรายละเอียดบรรณานุกรม
  กลับหน้าหลัก

Brief Record : Get Marc (ISO 2709) : E-mail record : QR code ปิดหน้าต่าง
LEADER 00000nam 2200000uu 4500
008    150424s2557||||th 000 0 tha d
041 0   ^atha^beng
050  4  ^aวพ HV5283.T5 ภ368ผ 2557
100 0   ^aภัทรพล โพนไพรสันต์
245 00  ^aรายงานวิทยานิพนธ์เรื่อง ผลการประยุกต์ใช้โปรแกรมการป้องกันการดื่มเครื่องดื่มแอลกอฮอล์ในนักเรียนมัธยมศึกษาตอนปลาย โรงเรียนเหล่ากลางวิทยาคม ตำบลเหล่ากลาง อำเภอฆ้องชัย จังหวัดกาฬสินธุ์/^bภัทรพล โพนไพรสันต์.
246 0   ^aThe Application Program for Prevention Aalcohol Consumption of the Student Among Laoklang Wittayakhom Secondary School,Laoklang Sub-District, Khongchai District, Kalasin Province
260     ^aมหาสารคาม : ^bมหาวิทยาลัยมหาสารคาม,^c2557.
300     ^a[ก]-ซ,159 หน้า;^bภาพประกอบ.
500     ^aวิทยานิพนธ์ (สม.) - - สาขาวิชาสาธารณสุขศาสตร์ มหาวิทยาลัยมหาสารคาม,2557.
650  4  ^aเครื่องดื่มที่มีแอลกอฮอล์ ^zไทย ^zกาฬสินธุ์
650  4  ^aการดื่มสุรา
650  4  ^aนักเรียนมัธยมศึกษา ^xสุขภาพและอนามัย ^zไทย ^zกาฬสินธุ์
650  4  ^aวิทยานิพนธ์
710 2   ^aมหาวิทยาลัยมหาสารคาม. สาขาวิชาสาธารณสุขศาสตร์.
999    ^aใช้งานได้ทุกระบบ
รายการนี้ยังไม่มีแท็ก
คุณยังไม่ได้ล็อกอิน คุณสามารถมีกิจกรรมร่วมกับเว็บไซต์ได้ แต่ต้องล็อกอินก่อน ::
  ล็อกอิน
ลำดับที่ ประเภท เลขเรียก สถานที่ สถานะ
1. วิทยานิพนธ์
วิทยานิพนธ์
วพ HV5283.T5 ภ368ผ 2557  
  
ชั้นหนังสือวิทยานิพนธ์ On Shelf
  ขอยืม
   [แสดง 1/1 รายการ]

รายการใกล้เคียง
    หัวเรื่อง [การดื่มสุรา]
    หัวเรื่อง [วิทยานิพนธ์]

BibComment


ยังไม่เคยถูกคอมเมนท์

คอมเมนท์ทรัพยากรรายการนี้
  คอมเมนท์: รายงานวิทยานิพน..
Bib 210439

 
 
 

 Union Library Management : ULibM
Copyright 2026. All Rights Reserved.
скачать бесплатно без регистрации порно красивый секс HD Sex Hindi sex

xxx gou

xxxx

bfxxx

xxxwww

Секса Видео

xxxx

Секса Видео

detube

geilexxx

C99 Shell

worms shell

blod xxx video
Ebony Coed Rihanna Rimes Takes A Dick In Her Young Twat priyaa indian fuck anal and pusssy hardcore indian women xxx desi hardcore fucking part 1 bengalixxxcouple